Sống theo phương thức 80/20: Bớt công việc, bớt ưu phiền, thêm thành công, thêm niềm vui sống

Salvato in:
Dettagli Bibliografici
Autore principale: Koch, Richard
Altri autori: Huỳnh Tiến Đạt ((dịch))
Natura: Libro
Lingua:Vietnamese
Pubblicazione: Tp. Hồ Chí Minh trẻ 2017
Edizione:tái bản lần thứ 15
Soggetti:
Tags: Aggiungi Tag
Nessun Tag, puoi essere il primo ad aggiungerne! !
Thư viện lưu trữ: Trung tâm Học liệu Lê Vũ Hùng, Trường Đại học Đồng Tháp
LEADER 01036nam a22002778a 4500
001 00040376
005 20171124101149.0
008 171103s2016####-vm#################vie|d
020 # # |c 50000  |a 978 604 1 00767 3 
041 0 # |a vie 
082 # # |a 646.7  |b S455TH 
100 1 # |a Koch, Richard 
242 2 1 |a Living the 80/20 way: Work less; worry less, succeed more. enjoy more 
245 1 0 |a Sống theo phương thức 80/20: Bớt công việc, bớt ưu phiền, thêm thành công, thêm niềm vui sống  |c Richard Koch; Huỳnh Tiến Đạt dịch 
250 # # |a tái bản lần thứ 15 
260 # # |a Tp. Hồ Chí Minh  |b trẻ  |c 2017 
300 # # |a 228 tr.  |c 21 cm.  |b Sơ đồ , biểu đồ 
653 # # |a Work less 
653 # # |a enjoy more 
653 # # |a succeed more 
653 # # |a worry less 
700 1 # |a Huỳnh Tiến Đạt  |e (dịch) 
852 # # |j KD.0022753 
910 |d 24/11/2017 
980 # # |a Trung tâm Học liệu Lê Vũ Hùng, Trường Đại học Đồng Tháp